Bankovní kódy pro clearing.

Identifikačné kódy bánk používané pri domácom a zahraničnom platobnom styku peňažných ústavov v ČR a SR. Kódy pre clearing.

Salvato in:
Dettagli Bibliografici
Natura: Capitolo di libro
Lingua:ceco
Soggetti:
Tags: Aggiungi Tag
Nessun Tag, puoi essere il primo ad aggiungerne!!

MARC

LEADER 00000naa a2200000 4500
001 r012261
005 20220826092523.0
041 0 |a cze 
044 |a CZ 
245 1 0 |a Bankovní kódy pro clearing. 
520 |a Identifikačné kódy bánk používané pri domácom a zahraničnom platobnom styku peňažných ústavov v ČR a SR. Kódy pre clearing. 
610 2 0 |a banky 
610 2 0 |a kódy 
610 2 0 |a klíring 
610 2 0 |a Slovensko 
610 2 0 |a Čechy